[Event "Oberliga Ost-B 1920"]
[Site "Germany"]
[Date "2019.12.08"]
[Round "5.5"]
[White "Michalowski, Peter"]
[Black "Meyer, Kai Christian"]
[Result "0-1"]
[WhiteElo "2107"]
[BlackElo "2230"]
[PlyCount "44"]
[EventDate "2019.09.29"]
[EventType "team-tourn"]
[EventRounds "11"]
[EventCountry "GER"]
[SourceTitle "EXT 2021"]
[Source "ChessBase"]
[SourceDate "2020.10.23"]
[SourceVersion "1"]
[SourceVersionDate "2020.10.23"]
[SourceQuality "1"]
[WhiteTeam "Erfurt Empor"]
[BlackTeam "Schoeneck"]
[WhiteTeamCountry "GER"]
[BlackTeamCountry "GER"]

1. e4 e5 2. Nf3 Nc6 3. Bb5 a6 4. Ba4 Nf6 5. Qe2 b5 6. Bb3 Be7 7. a4 b4 8. d4 d5 9. exd5 Nxd4 10. Nxd4 exd4 11. Bg5 0-0 12. Nd2 Bb7 13. 0-0-0 Bxd5 14. Rhe1 h6 15. Bxh6 Re8 16. Bg5 Qd7 17. Qe5 d3 18. cxd3 Bxb3 19. Nxb3 Ng4 20. Qf4 Bxg5 21. Qxg5 Nxf2 22. Nc5 Qd6 0-1

[Event "Oberliga Ost-B 1819"]
[Site "Germany"]
[Date "2018.12.15"]
[Round "4.5"]
[White "Hellwig, Tobias"]
[Black "Michalowski, Peter"]
[Result "1/2-1/2"]
[WhiteElo "2187"]
[BlackElo "2099"]
[PlyCount "50"]
[EventDate "2018.10.21"]
[EventType "team-tourn"]
[EventRounds "11"]
[EventCountry "GER"]
[SourceTitle "EXT 2020"]
[Source "ChessBase"]
[SourceDate "2019.10.17"]
[SourceVersion "1"]
[SourceVersionDate "2019.10.17"]
[SourceQuality "1"]
[WhiteTeam "Sangerhausen"]
[BlackTeam "Erfurt Empor"]
[WhiteTeamCountry "GER"]
[BlackTeamCountry "GER"]

1. d4 Nf6 2. Nf3 d5 3. c4 e6 4. Nc3 Bb4 5. a3 Bxc3+ 6. bxc3 Ne4 7. Qb3 c5 8. Nd2 Nxd2 9. Bxd2 dxc4 10. Qxc4 cxd4 11. cxd4 0-0 12. g3 Bd7 13. Bg2 Bc6 14. f3 Qb6 15. Kf2 e5 16. Be3 Bb5 17. Qc3 exd4 18. Bxd4 Qg6 19. Rab1 Bc6 20. Rb2 Nd7 21. Bh3 Rfc8 22. Qe3 Re8 23. Qf4 Nb6 24. Bxb6 axb6 25. Qb4 Qh6 1/2-1/2

[Event "Oberliga Ost-B 1718"]
[Site "Germany"]
[Date "2017.10.22"]
[Round "1.3"]
[White "Michalowski, Peter"]
[Black "Schneider, Christian1111"]
[Result "0-1"]
[WhiteElo "2064"]
[BlackElo "2215"]
[PlyCount "120"]
[EventDate "2017.10.22"]
[EventType "team-tourn"]
[EventRounds "11"]
[EventCountry "GER"]
[SourceTitle "EXT 2019"]
[Source "ChessBase"]
[SourceDate "2018.10.10"]
[SourceVersion "1"]
[SourceVersionDate "2018.10.10"]
[SourceQuality "1"]
[WhiteTeam "Erfurt Empor"]
[BlackTeam "Stadtilm Blau Weiss"]
[WhiteTeamCountry "GER"]
[BlackTeamCountry "GER"]

1. e4 c5 2. Nf3 d6 3. Bb5+ Nd7 4. d4 cxd4 5. Qxd4 Ngf6 6. Nc3 g6 7. Bg5 Bg7 8. Nd5 0-0 9. Bxd7 Nxd5 10. Qxd5 Qxd7 11. c3 h6 12. Be3 Qc7 13. 0-0 Kh7 14. Qd2 b6 15. Nd4 Bb7 16. f3 d5 17. exd5 Bxd5 18. Nb5 Qb7 19. Nc7 Rad8 20. Nxd5 Rxd5 21. Qe2 Rfd8 22. Rad1 Qd7 23. Rxd5 Qxd5 24. a3 Rd7 25. Rc1 b5 26. Rc2 a6 27. Rd2 Qc6 28. Qd1 Rxd2 29. Qxd2 h5 30. Qd3 Qe6 31. Kf2 Qb3 32. Qd2 a5 33. Bg5 e6 34. Be3 a4 35. Bc5 Qc4 36. Bd4 e5 37. Be3 Qb3 38. Bg5 f5 39. Kf1 Qc4+ 40. Kf2 Qb3 41. Kf1 e4 42. fxe4 fxe4 43. Qd7 Qc4+ 44. Kf2 Qc5+ 45. Be3 Qf5+ 46. Qxf5 gxf5 47. Ke2 Be5 48. h3 Kg6 49. Kd2 f4 50. Bb6 Kf5 51. Ke2 Ke6 52. Kd2 Kd5 53. Kc2 Kc4 54. Bf2 Bd6 55. Bh4 Bc5 56. g4 fxg3 57. Bxg3 Bg1 58. Kd2 Kb3 59. Be5 Kxb2 60. Bd4 e3+ 0-1

[Event "Oberliga Ost-B 1617"]
[Site "Germany"]
[Date "2016.11.19"]
[Round "2.3"]
[White "Alber, Horst"]
[Black "Michalowski, Peter"]
[Result "1/2-1/2"]
[WhiteElo "2318"]
[BlackElo "2058"]
[PlyCount "69"]
[EventDate "2016.10.16"]
[EventType "team-tourn"]
[EventRounds "11"]
[EventCountry "GER"]
[SourceTitle "EXT 2018"]
[Source "ChessBase"]
[SourceDate "2017.10.13"]
[SourceVersion "1"]
[SourceVersionDate "2017.10.13"]
[SourceQuality "1"]
[WhiteTeam "Marburg"]
[BlackTeam "Erfurt Empor"]
[WhiteTeamCountry "GER"]
[BlackTeamCountry "GER"]

1. d4 Nf6 2. c4 e6 3. Nc3 Bb4 4. e3 0-0 5. Bd3 c5 6. d5 exd5 7. cxd5 d6 8. Nf3 Re8 9. 0-0 h6 10. a3 Bxc3 11. bxc3 Nxd5 12. Bb2 Nf6 13. c4 Nc6 14. h3 Qe7 15. Rc1 Ne5 16. Bb1 Bd7 17. Re1 Bc6 18. e4 Nxf3+ 19. Qxf3 Nxe4 20. Bxe4 Bxe4 21. Qf4 g5 22. Qg3 Qf8 23. h4 f6 24. f4 Qg7 25. Rcd1 Rad8 26. fxg5 hxg5 27. Rxd6 Rxd6 28. Qxd6 Qe7 29. Qxe7 Rxe7 30. Bxf6 Re6 31. Bxg5 Kf7 32. Kf2 Bd3 33. Re3 Bxc4 34. Rxe6 Bxe6 35. Be3 1/2-1/2

[Event "Terre degli Elimi op 7th"]
[Site "Erice"]
[Date "2016.07.29"]
[Round "2"]
[White "Gueci, Laura"]
[Black "Michalowski, Peter"]
[Result "1-0"]
[WhiteElo "1946"]
[BlackElo "2058"]
[PlyCount "55"]
[EventDate "2016.07.28"]
[EventType "swiss"]
[EventRounds "9"]
[EventCountry "ITA"]
[SourceTitle "EXT 2017"]
[Source "ChessBase"]
[SourceDate "2016.10.25"]
[SourceVersion "1"]
[SourceVersionDate "2016.10.25"]
[SourceQuality "1"]

1. c4 Nf6 2. g3 d5 3. cxd5 Nxd5 4. Nc3 g6 5. Bg2 Nb6 6. e3 Bg7 7. Nge2 0-0 8. 0-0 e5 9. f4 c5 10. fxe5 Bxe5 11. Nf4 Nc6 12. b3 f5 13. Ba3 Nb4 14. d4 Bd6 15. d5 Qe7 16. Qd2 Bd7 17. Rae1 Rae8 18. e4 Qd8 19. Bb2 c4 20. Kh1 Na6 21. Ne6 Bxe6 22. dxe6 Nc5 23. exf5 Rxf5 24. Rxf5 gxf5 25. Nb5 Nd3 26. Nxd6 Nxb2 27. e7 Rxe7 28. Qg5+ 1-0

[Event "Gibraltar Challengers-B 13th"]
[Site "Caleta"]
[Date "2015.01.31"]
[Round "1"]
[White "Menna Barreto, Felipe Kubiaki"]
[Black "Michalowski, Peter"]
[Result "0-1"]
[WhiteElo "2247"]
[BlackElo "2024"]
[PlyCount "100"]
[EventDate "2015.01.31"]
[EventType "swiss"]
[EventRounds "5"]
[EventCountry "GGB"]
[SourceTitle "CBM 164 Extra"]
[Source "ChessBase"]
[SourceDate "2015.03.02"]
[SourceVersion "1"]
[SourceVersionDate "2015.03.02"]
[SourceQuality "1"]

1. d4 Nf6 2. Nf3 e6 3. e3 d5 4. Bd3 Be7 5. 0-0 0-0 6. Nbd2 b6 7. b3 Ba6 8. c4 c5 9. Bb2 Nbd7 10. Ne5 cxd4 11. exd4 Rc8 12. f4 g6 13. Qe2 Re8 14. Ndf3 Nh5 15. g3 f5 16. Rac1 Nxe5 17. fxe5 Ng7 18. Rc2 Bb7 19. Qe3 g5 20. Bc1 g4 21. Ne1 h5 22. Ng2 Kf7 23. Nf4 dxc4 24. bxc4 h4 25. Rcf2 hxg3 26. hxg3 Rh8 27. Ng2 Rh3 28. d5 Qh8 29. Nh4 Bxh4 30. Bxf5 Rxg3+ 31. Qxg3 Bxg3 32. Bxe6+ Ke8 33. Bf7+ Kd7 34. e6+ Kc7 35. Rg2 Bd6 36. Bb2 Bc5+ 37. Rff2 Rf8 38. Be5+ Kc8 39. Rxg4 Bxf2+ 40. Kxf2 Qh3 41. Rxg7 Qf5+ 42. Kg1 Qxe5 43. Rh7 Qe3+ 44. Kh2 Qf4+ 45. Kg1 Qg4+ 46. Kh2 Qe2+ 47. Kg1 Qd1+ 48. Kh2 Qc2+ 49. Kg3 Qxh7 50. e7 Qxf7 0-1

[Event "Gibraltar Masters 13th"]
[Site "Caleta"]
[Date "2015.01.29"]
[Round "3"]
[White "Michalowski, Peter"]
[Black "Greibrokk, Ingrid Andrea"]
[Result "1-0"]
[WhiteElo "2024"]
[BlackElo "1758"]
[PlyCount "121"]
[EventDate "2015.01.27"]
[EventType "swiss"]
[EventRounds "10"]
[EventCountry "GGB"]
[SourceTitle "CBM 165"]
[Source "ChessBase"]
[SourceDate "2015.03.11"]
[SourceVersion "1"]
[SourceVersionDate "2015.03.11"]
[SourceQuality "1"]

1. e4 c5 2. Nf3 d6 3. d4 cxd4 4. Nxd4 Nf6 5. Nc3 g6 6. Be3 Bg7 7. f3 0-0 8. Qd2 Nc6 9. 0-0-0 d5 10. Nxc6 bxc6 11. Bh6 Qa5 12. Bxg7 Kxg7 13. e5 Nd7 14. h4 h5 15. g4 d4 16. Qxd4 Qxe5 17. gxh5 Qxd4 18. Rxd4 gxh5 19. Ne4 Ne5 20. Be2 f6 21. f4 Ng4 22. Ng3 Rh8 23. Bf3 Be6 24. f5 Bd5 25. Nxh5+ Rxh5 26. Rxg4+ Kf7 27. Bxd5+ cxd5 28. Rf4 Rc8 29. Rd1 Rc4 30. Rxc4 dxc4 31. Rd4 Rxf5 32. Rxc4 Ra5 33. a4 f5 34. Kd2 e5 35. b3 Kg6 36. Rc7 Kh5 37. Rh7+ Kg6 38. Rc7 Kh5 39. Rh7+ Kg6 40. Rh8 Rc5 41. c4 a5 42. Rb8 Rc6 43. Rb5 e4 44. Ke3 Re6 45. c5 f4+ 46. Ke2 Kh5 47. c6+ Kxh4 48. Rc5 Re8 49. Rxa5 e3 50. Rf5 Kg4 51. Rf7 Rh8 52. c7 Rh2+ 53. Kd3 Rh8 54. b4 Re8 55. Ke2 Rh8 56. b5 Rh2+ 57. Kd3 Rd2+ 58. Kc3 Rd1 59. Kc2 Rd2+ 60. Kc1 Kg3 61. c8Q 1-0

[Event "Gibraltar Masters 13th"]
[Site "Caleta"]
[Date "2015.01.28"]
[Round "2"]
[White "Menna Barreto, Felipe Kubiaki"]
[Black "Michalowski, Peter"]
[Result "1-0"]
[WhiteElo "2247"]
[BlackElo "2024"]
[PlyCount "81"]
[EventDate "2015.01.27"]
[EventType "swiss"]
[EventRounds "10"]
[EventCountry "GGB"]
[SourceTitle "CBM 165"]
[Source "ChessBase"]
[SourceDate "2015.03.11"]
[SourceVersion "1"]
[SourceVersionDate "2015.03.11"]
[SourceQuality "1"]

1. Nf3 Nf6 2. d4 e6 3. g3 c5 4. Bg2 d5 5. c4 cxd4 6. 0-0 Be7 7. cxd5 exd5 8. Nxd4 0-0 9. Nc3 Nc6 10. Be3 Be6 11. Rc1 Qd7 12. Nxc6 bxc6 13. Na4 Bh3 14. Qc2 Bxg2 15. Kxg2 Rac8 16. Rfd1 Rfe8 17. Rd3 Ne4 18. f3 Nd6 19. Bf2 Bg5 20. Rcd1 Qf5 21. Rc3 Qxc2 22. Rxc2 Nc4 23. e4 Ne3+ 24. Bxe3 Bxe3 25. Rd3 Bg5 26. exd5 cxd5 27. Rxc8 Rxc8 28. Rxd5 Rc2+ 29. Kh3 h6 30. Rc5 Rf2 31. Rc8+ Kh7 32. Rc7 Be3 33. Rxf7 Kg8 34. Re7 Bd4 35. Rd7 Bb6 36. f4 Rc2 37. Nxb6 axb6 38. b4 Rxa2 39. Rb7 Rb2 40. Rxb6 Kh7 41. b5 1-0

[Event "Reykjavik op"]
[Site "Reykjavik"]
[Date "2014.03.12"]
[Round "10"]
[White "Michalowski, Peter"]
[Black "Marentini, Marcel"]
[Result "1-0"]
[WhiteElo "1985"]
[BlackElo "2155"]
[PlyCount "151"]
[EventDate "2014.03.04"]
[EventType "swiss"]
[EventRounds "10"]
[EventCountry "ISL"]
[SourceTitle "CBM 159 Extra"]
[Source "ChessBase"]
[SourceDate "2014.04.24"]
[SourceVersion "1"]
[SourceVersionDate "2014.04.24"]
[SourceQuality "1"]

1. e4 d6 2. d4 Nf6 3. Nc3 e5 4. Nf3 Nbd7 5. Bc4 Be7 6. 0-0 0-0 7. Re1 c6 8. a4 Qc7 9. b3 h6 10. h3 Re8 11. Bb2 Nf8 12. Bf1 Ng6 13. g3 Bf8 14. Qd2 Be6 15. Bg2 Rad8 16. Rad1 a6 17. d5 Bd7 18. Qe2 c5 19. Ra1 Be7 20. Nd2 Rb8 21. a5 Qc8 22. Kh2 Bd8 23. Nc4 Bc7 24. Na4 Qd8 25. Nab6 Bb5 26. Qe3 Nd7 27. Nxd7 Bxd7 28. f4 exf4 29. gxf4 Qh4 30. Rf1 Bb5 31. Qg3 Rbd8 32. Bc3 Qxg3+ 33. Kxg3 f5 34. Rae1 fxe4 35. Bxe4 Nf8 36. Kf3 Bxc4 37. bxc4 Kf7 38. Rg1 g6 39. f5 g5 40. Rb1 Rb8 41. Rb3 Nd7 42. Rgb1 b6 43. axb6 Rxb6 44. Rxb6 Bxb6 45. f6 Rb8 46. Bf5 Ne5+ 47. Ke4 Bc7 48. Be6+ Kxf6 49. Rf1+ Kg6 50. Bxe5 dxe5 51. Rf7 Bd6 52. Ra7 Rb6 53. Bf7+ Kf6 54. Bh5 Be7 55. Rc7 a5 56. Ra7 Rb4 57. Ra6+ Kg7 58. Ra7 Kf6 59. Ra6+ Kg7 60. Kxe5 Rxc4 61. Ra7 Kf8 62. Ra8+ Kg7 63. Ra7 Kf8 64. d6 Bxd6+ 65. Kxd6 Rxc2 66. Rxa5 Rc3 67. Ke6 Rc4 68. Ra8+ Kg7 69. Ra7+ Kf8 70. Ra8+ Kg7 71. Ra7+ Kf8 72. Bg6 Rf4 73. Bf5 Rd4 74. Kf6 Rd6+ 75. Be6 Rd8 76. Rf7+ 1-0

[Event "Reykjavik op"]
[Site "Reykjavik"]
[Date "2014.03.08"]
[Round "6"]
[White "Michalowski, Peter"]
[Black "Hellwig, Tobias"]
[Result "1/2-1/2"]
[WhiteElo "1985"]
[BlackElo "2180"]
[PlyCount "59"]
[EventDate "2014.03.04"]
[EventType "swiss"]
[EventRounds "10"]
[EventCountry "ISL"]
[SourceTitle "CBM 159 Extra"]
[Source "ChessBase"]
[SourceDate "2014.04.24"]
[SourceVersion "1"]
[SourceVersionDate "2014.04.24"]
[SourceQuality "1"]

1. e4 Nf6 2. e5 Nd5 3. d4 d6 4. c4 Nb6 5. exd6 exd6 6. h3 Nc6 7. Nf3 Bf5 8. d5 Ne5 9. Nd4 Qf6 10. Nxf5 Qxf5 11. Nc3 Be7 12. b3 0-0 13. Be2 c6 14. 0-0 cxd5 15. Nxd5 Nxd5 16. Qxd5 Bf6 17. Ba3 Qc2 18. Bd1 Qd3 19. Qxd3 Nxd3 20. Rb1 Rad8 21. Bf3 b6 22. Rbd1 Nc5 23. Rfe1 Be5 24. g3 Rfe8 25. Bc6 Re6 26. Bd5 Re7 27. f4 Bd4+ 28. Kg2 Rxe1 29. Rxe1 Kf8 30. Bxc5 1/2-1/2